000 00288nam a22001337a 4500
008 170929b xxu||||| |||| 00| 0 eng d
020 _a9781605471969
041 _aeng
080 _24TH
_a37
100 _a47
101 _aEDU
245 _aINCREDIBLY EASY!
_cKLUWER,W
942 _2udc
_cBK
999 _c30803
_d30803